Rappeurs US v1 - Statistiques

Statistiques générales
  • Ce quiz a été pris 345 fois
  • Le résultat moyen est 8 sur 16
Statistiques - réponses
Par images Réponse % Correct
Drake
98%
Kanye West
91%
Lil Baby
85%
Gunna
77%
Young Thug
73%
Lil Durk
61%
Fetty Wap
60%
King Von
60%
Chief Keef
58%
Meek Mill
36%
Tory Lanez
36%
Big Sean
22%
42 Dugg
10%
Lil Keed
10%
Lil Gotit
4%
Rylo Rodriguez
3%
Aucun quiz correspondant
Distribution des résultats
% des personnes avec chaque résultat
Percentile par nombre de réponses
Votre historique - résultats
Vous n’avez pas pris ce quiz